000 01113nac a22003137a 4500
001 BR7904956
003 BR-BrBNA
005 20240105114458.0
008 230509b bl.|||m| |||| 00| 0 por d
040 _aBR-BrBNA
_bpor
_cBiblioteca Nacional de Agricultura
072 _aM10; L60; L40
090 _a8490 BR7904956
110 1 _aFundacao Zoobotanica do Rio Grande do Sul, Porto Alegre (Brasil)
_95072
111 1 _a5. Encontro dos Malacologistas Brasileiros
_cMossoro, RN (Brazil)
_d14 Jul 1977
245 1 _aAnais do 5. Encontro dos Malacologistas Brasileiros [Molusco; Producao pesqueira; Taxonomia animal; Anatomia Animal; Zona litoranea]
260 3 _aPorto Alegre, RS (Brasil):
_c1979.
300 _a173 p.
490 _aPublicacoes Avulsas FZB (Brazil)
_vno. 4
_x
650 _aProducao pesqueira
650 _aTaxonomia animal
650 _aEstrutura animal
650 _aMolusco
650 _aDistribuicao geografica
650 _aMorfologia animal
650 _aAnatomia animal
650 _aZona litoranea
909 _a202312
_bLúcia Elande
_c55
_dLúcia Elande
942 _2AGRIS
_n0
_cMS
999 _c269587
_d269587